<?xml version="1.0" encoding="UTF-8"?><?xml-stylesheet type="text/xsl" href="static/style.xsl"?><OAI-PMH xmlns="http://www.openarchives.org/OAI/2.0/" xmlns:xsi="http://www.w3.org/2001/XMLSchema-instance" xsi:schemaLocation="http://www.openarchives.org/OAI/2.0/ http://www.openarchives.org/OAI/2.0/OAI-PMH.xsd"><responseDate>2026-04-14T15:59:39Z</responseDate><request verb="GetRecord" identifier="oai:uvadoc.uva.es:10324/73408" metadataPrefix="marc">https://uvadoc.uva.es/oai/request</request><GetRecord><record><header><identifier>oai:uvadoc.uva.es:10324/73408</identifier><datestamp>2025-01-09T20:10:18Z</datestamp><setSpec>com_10324_38</setSpec><setSpec>col_10324_852</setSpec></header><metadata><record xmlns="http://www.loc.gov/MARC21/slim" xmlns:doc="http://www.lyncode.com/xoai" xmlns:xsi="http://www.w3.org/2001/XMLSchema-instance" xmlns:dcterms="http://purl.org/dc/terms/" xsi:schemaLocation="http://www.loc.gov/MARC21/slim http://www.loc.gov/standards/marcxml/schema/MARC21slim.xsd">
<leader>00925njm 22002777a 4500</leader>
<datafield tag="042" ind1=" " ind2=" ">
<subfield code="a">dc</subfield>
</datafield>
<datafield tag="720" ind1=" " ind2=" ">
<subfield code="a">Tamayo Manjarrés, Daniel</subfield>
<subfield code="e">author</subfield>
</datafield>
<datafield tag="260" ind1=" " ind2=" ">
<subfield code="c">2024</subfield>
</datafield>
<datafield tag="520" ind1=" " ind2=" ">
<subfield code="a">Este trabajo de fin de grado es una propuesta de intervención basada en diversos métodos y prácticas llevadas a cabo a través de actividades realizadas en base a la creación de unas palas con material reutilizado. Estas actividades irán orientadas a mejorar la calidad de las relaciones interpersonales de los alumnos, así como la mejora de su autoestima y poner a prueba de esta forma las denominadas actuaciones educativas de éxito en el área de Educación Física.</subfield>
</datafield>
<datafield tag="520" ind1=" " ind2=" ">
<subfield code="a">This end-of-degree project is an intervention proposal based on different methods and practices carried out through activities based on the creation of paddles with reused material. These activities will be oriented to improve the quality of the interpersonal relationships of the students, as well as to improve their self-image and to test in this way the successful educational performances in the area of Physical Education.</subfield>
</datafield>
<datafield tag="024" ind2=" " ind1="8">
<subfield code="a">https://uvadoc.uva.es/handle/10324/73408</subfield>
</datafield>
<datafield tag="245" ind1="0" ind2="0">
<subfield code="a">Actuaciones educativas de éxito en Educación Física: propuesta de intervención didáctica a través del Paladós</subfield>
</datafield>
</record></metadata></record></GetRecord></OAI-PMH>